[Event "Farum Fureso op"]
[Site "Farum"]
[Date "2016.09.23"]
[Round "2"]
[White "Christensen, Torben Brahe"]
[Black "Baadsgaard, Markus Andreas"]
[Result "0-1"]
[WhiteElo "1555"]
[BlackElo "1651"]
[PlyCount "38"]
[EventDate "2016.09.23"]
[EventType "swiss"]
[EventRounds "4"]
[EventCountry "DEN"]
[SourceTitle "EXT 2024"]
[Source "ChessBase"]
[SourceDate "2023.10.10"]
[SourceVersion "1"]
[SourceVersionDate "2023.10.10"]
[SourceQuality "1"]

1. e4 Nf6 2. Nc3 e5 3. a3 Bc5 4. Nf3 d6 5. h3 c6 6. d4 exd4 7. Nxd4 Qe7 8. Bg5 h6 9. Bxf6 Qxf6 10. Nf3 0-0 11. Bd3 Nd7 12. 0-0 Ne5 13. Nxe5 Qxe5 14. Qd2 f5 15. Rae1 f4 16. Be2 Bxh3 17. gxh3 f3 18. Bc4+ Kh8 19. Na4 Qg3+ 0-1